000 00376nam a22001577a 4500
003 OSt
005 20240116100418.0
008 190204b xxu||||| |||| 00| 0 eng d
020 _a9789384961961
040 _csero soft
100 _aParanjape,N.P
245 _aCriminology Penology Victimology
260 _aAllahabad
_bCentral Law Pub
300 _a1024
942 _2ddc
_c02
999 _c44679
_d44679